[Event "URS-chT"]
[Site "Moscow"]
[Date "1972.??.??"]
[Round "?"]
[White "Karpov, Anatoly"]
[Black "Smyslov, Vassily"]
[Result "1-0"]
[WhiteElo "2630"]
[BlackElo "2620"]
[Annotator "Game 16"]
[PlyCount "83"]
[EventDate "1972.03.01"]
[EventType "team"]
[EventRounds "9"]
[EventCountry "URS"]
[Source "ChessBase"]
[SourceDate "1999.07.01"]

1. e4 e5 2. Nf3 Nf6 3. Nxe5 d6 4. Nf3 Nxe4 5. d4 Be7 6. Bd3 Nf6 7. h3 O-O 8.
O-O c5 9. Nc3 Nc6 10. Re1 a6 11. d5 Na7 12. a4 Bd7 13. a5 Re8 14. Bf1 h6 15.
Bf4 Bf8 16. Rxe8 Qxe8 17. Bh2 Qd8 18. Nd2 Qc7 19. Nde4 Nxe4 20. Nxe4 Bf5 21.
Nd2 Re8 22. c3 Qd8 23. Qb3 Qd7 24. c4 Nc8 25. g4 Bh7 26. Bd3 Bxd3 27. Qxd3 g6
28. Rb1 Bg7 29. b4 cxb4 30. Rxb4 Qc7 31. Nb3 Be5 32. Bxe5 Rxe5 33. Kg2 g5 34.
Qd4 Qe7 35. Nd2 Re1 36. Rb3 Re2 37. Kf3 Re5 38. Re3 f6 39. Ne4 Kg7 40. Kg2 Qc7
41. Rf3 b5 42. axb6 1-0

[Event "Leningrad Interzonal"]
[Site "Leningrad"]
[Date "1973.??.??"]
[Round "7"]
[White "Karpov, Anatoly"]
[Black "Kuzmin, Gennadi P"]
[Result "1-0"]
[WhiteElo "2645"]
[BlackElo "2565"]
[Annotator "Game 51"]
[PlyCount "77"]
[EventDate "1973.06.02"]
[EventType "tourn"]
[EventRounds "17"]
[EventCountry "URS"]
[EventCategory "12"]
[Source "ChessBase"]
[SourceDate "1999.07.01"]
[WhiteTeamCountry "URS"]
[BlackTeamCountry "ROM"]

1. e4 e6 2. d4 d5 3. Nd2 c5 4. exd5 exd5 5. Ngf3 Nc6 6. Bb5 Bd6 7. dxc5 Bxc5 8.
O-O Nge7 9. Nb3 Bd6 10. Bg5 O-O 11. Bh4 Qc7 12. Bg3 Bxg3 13. hxg3 Bg4 14. Re1
Rad8 15. c3 Qb6 16. Bd3 Ng6 17. Qc2 Bxf3 18. gxf3 Rd6 19. f4 Rfd8 20. a3 h5 21.
Kg2 h4 22. Re2 Nf8 23. Nd2 Rh6 24. Nf3 hxg3 25. fxg3 Nd7 26. Rae1 Kf8 27. g4
Qc7 28. g5 Rh8 29. Kg3 Nc5 30. Bf5 g6 31. b4 Ne4+ 32. Bxe4 dxe4 33. Qxe4 Kg7
34. b5 Na5 35. Qe7 Qxe7 36. Rxe7 Rd3 37. Rc7 Nb3 38. Kg4 Rf8 39. Ree7 1-0